000 00366 a2200109 4500
001 ART_56929
005 20260410162016.0
008 260409a
245 1 0 _aRepasando y repensando el empleo público. Diagnóstico y desafíos
100 1 _aRoitman, Facundo J.
773 0 _tTemas de derecho administrativo
_g- Año 7, N° 9 (sep. 2022)
_wREV40468
999 _c32631
_d32631